Piłkarze Wisły Płock - nagła śmierć - Statystyki

Ogólne statystyki
  • Ten quiz został rozwiązany 39 razy
  • Średni wynik to 7 z 20
Answers on the Grid
Answers color-coded by a green-red scale on the quiz's grid according to % correct below.
Hubert Turski
Ariel Borysiuk
Dawid Abramowicz
Dominik Steczyk
Damian Zbozień
Sławomir Peszko
Kamil Wojtkowski
Dominik Kun
Paweł Olszewski
Jarosław Jach
Paweł Tomczyk
Mateusz Szwoch
Boris Peškovič
Michał Fidziukiewicz
Bartłomiej Gradecki
Kacper Chodyna
Przemysław Szur
Oskar Zawada
Szymon Matuszek
Patryk Ceglarz
Sebastian Mila
Jakub Łukowski
Adrian Mierzejewski
Kamil Bętkowski
Mateusz Radecki
Dominik Furman
Dominik Holec
Igor Łasicki
Michał Cywiński
David Stec
Jakub Apolinarski
Adrian Cierpka
Wojciech Łobodziński
Hubert Wołąkiewicz
Bartosz Śpiączka
Adrian Gryszkiewicz
Jacek Góralski
Mateusz Stępień
Damian Szymański
Piotr Malarczyk
 
Statystyki odpowiedzi
Odpowiedź % Poprawnych
Dominik Furman
71%
Dominik Kun
68%
Sławomir Peszko
61%
Damian Zbozień
57%
Mateusz Szwoch
50%
Oskar Zawada
50%
Ariel Borysiuk
46%
Damian Szymański
46%
Bartłomiej Gradecki
43%
Igor Łasicki
39%
Bartosz Śpiączka
36%
Jacek Góralski
32%
Jakub Łukowski
29%
Adrian Mierzejewski
25%
Jarosław Jach
25%
Wojciech Łobodziński
18%
Boris Peškovič
14%
Dawid Abramowicz
11%
Sebastian Mila
11%
Szymon Matuszek
4%
Nie znaleziono quizów pasujących do podanych kryteriów
Rozkład punktacji
Procent ludzi z każdym wynikiem
Percentyl według liczby udzielonych odpowiedzi
Twoja historia wyników
Nie rozwiązałeś tego quizu